George Washington's socks : (Record no. 6024)
[ view plain ]
| 000 -LEADER | |
|---|---|
| fixed length control field | 01053nam a22002897a 4500 |
| 001 - CONTROL NUMBER | |
| control field | 6024 |
| 003 - CONTROL NUMBER IDENTIFIER | |
| control field | FISKH |
| 005 - DATE AND TIME OF LATEST TRANSACTION | |
| control field | 20250221155330.0 |
| 008 - FIXED-LENGTH DATA ELEMENTS--GENERAL INFORMATION | |
| fixed length control field | 250221b cb ||||| |||| 00| 0 eng d |
| 020 ## - INTERNATIONAL STANDARD BOOK NUMBER | |
| International Standard Book Number | 9780590440363 |
| 040 ## - CATALOGING SOURCE | |
| Original cataloging agency | FISKH |
| Language of cataloging | eng |
| Transcribing agency | FISKH |
| Modifying agency | FISKH |
| 050 ## - LIBRARY OF CONGRESS CALL NUMBER | |
| Classification number | PZ7.W8606 |
| 082 ## - DEWEY DECIMAL CLASSIFICATION NUMBER | |
| Classification number | 813 |
| 100 ## - MAIN ENTRY--PERSONAL NAME | |
| Personal name | Woodruff, Elvira |
| Dates associated with a name | (1951-) |
| 245 ## - TITLE STATEMENT | |
| Title | George Washington's socks : |
| Remainder of title | A time travel adventure / |
| Statement of responsibility, etc. | Elvira Woodruff |
| 250 ## - EDITION STATEMENT | |
| Edition statement | This edition first published in 2010 |
| 260 ## - PUBLICATION, DISTRIBUTION, ETC. | |
| Place of publication, distribution, etc. | New York : |
| Name of publisher, distributor, etc. | Scholastic, |
| Date of publication, distribution, etc. | 1991. |
| 300 ## - PHYSICAL DESCRIPTION | |
| Extent | 166 pages : |
| Dimensions | 20 cm |
| 505 ## - FORMATTED CONTENTS NOTE | |
| Formatted contents note | R<br/> |
| 520 ## - SUMMARY, ETC. | |
| Summary, etc. | In the midst of a backyard campout, ten-year-old Matt and four other children find themselves transported back into the time of George Washington and the American Revolution, where they begin to live out American history firsthand and learn the sober realities of war. |
| 521 8# - TARGET AUDIENCE NOTE | |
| Target audience note | 770<br/> |
| Source | Lexile<br/> |
| 521 8# - TARGET AUDIENCE NOTE | |
| Target audience note | N<br/> |
| Source | Raz-Plus<br/> |
| 650 ## - SUBJECT ADDED ENTRY--TOPICAL TERM | |
| Source of heading or term | Time travel |
| Topical term or geographic name entry element | History |
| 650 ## - SUBJECT ADDED ENTRY--TOPICAL TERM | |
| Source of heading or term | Battle of Trenton |
| Topical term or geographic name entry element | Presidents |
| 942 ## - ADDED ENTRY ELEMENTS (KOHA) | |
| Source of classification or shelving scheme | Dewey Decimal Classification |
| Koha item type | Books |
| Suppress in OPAC | No |
| Withdrawn status | Lost status | Source of classification or shelving scheme | Damaged status | Not for loan | Collection | Home library | Current library | Shelving location | Date acquired | Total Checkouts | Full call number | Barcode | Date last seen | Copy number | Price effective from | Koha item type |
|---|---|---|---|---|---|---|---|---|---|---|---|---|---|---|---|---|
| Dewey Decimal Classification | Juvenile Fiction | Footprints International School Library Network Toul Kork Campus | Footprints International School Library Network Toul Kork Campus | TTP Primary Orange Bookshelves | 02/21/2025 | WOO 813 PZ7.W8606 | 2025-0675 | 02/21/2025 | 1 | 02/21/2025 | Books |
